LEADER 04061 am 2200697 n 450 001 9910416462303321 005 20200129 010 $a2-8107-1017-1 024 7 $a10.4000/books.pumi.41313 035 $a(CKB)5590000000001652 035 $a(FrMaCLE)OB-pumi-41313 035 $a(oapen)https://directory.doabooks.org/handle/20.500.12854/57974 035 $a(PPN)249720426 035 $a(EXLCZ)995590000000001652 100 $a20200901j|||||||| ||| 0 101 0 $afre 135 $auu||||||m|||| 181 $ctxt$2rdacontent 182 $cc$2rdamedia 183 $acr$2rdacarrier 200 10$aRegards croisés sur la guerre sainte $eGuerre, idéologie et religion dans l?espace méditerranéen latin (XIe-XIIIe siècle) /$fDaniel Baloup, Philippe Josserand 210 $aToulouse $cPresses universitaires du Midi$d2020 215 $a1 online resource (432 p.) 311 $a2-912025-30-3 330 $aFruit d?un colloque international réuni à la Casa de Velázquez (Madrid) du 11 au 13 avril 2005, ce volume propose de lire l?histoire de la guerre sainte de façon moins linéaire que de coutume, en acceptant les ruptures, les discontinuités et les nombreux aménagements qui ont été rendus nécessaires par les usages multiples, contradictoires et parfois concurrents de cette notion. À partir d?un fonds commun de principes surgis à la charnière de l?Antiquité et du Moyen Âge, contenus dans les traditions politiques et religieuses des royaumes chrétiens, l?idée de guerre sainte a été périodiquement ravivée et chaque fois reconstruite à la mesure des besoins de ceux qui la sollicitaient et de leur environnement historique. Elle s?est aussi enrichie. L?appel de Clermont, en 1095, qui suscite la Première croisade et conduit à la conquête de Jérusalem par les Latins ne met pas fin à ce processus. Certes, il devient impossible, à partir du XIIe siècle, d?échapper totalement au modèle de guerre sainte forgé par la papauté, qui, pour l?imposer, dispose d?un contrôle sans précédent sur les mécanismes de sanctification et de pénitence. Cependant, durant tout le Moyen Âge, le référent pontifical qu?est la croisade n?est jamais figé et demeure perméable à tous les aménagements au bénéfice de ceux, rois et princes d?Occident, qui s?en réclament et se l?approprient. En admettant la diversité de la notion de guerre sainte et en croisant les regards portés sur elle, les spécialistes dont les contributions se trouvent ici rassemblées participent de façon importante au renouvellement d?un domaine de recherche qui a été le théâtre, depuis quelques années, de grandes controverses. 517 $aRegards croisés sur la guerre sainte 606 $aReligion 606 $aHistory 606 $acroisade 606 $apremière croisade 610 $acroisade 610 $apremière croisade 615 4$aReligion 615 4$aHistory 615 4$acroisade 615 4$apremière croisade 700 $aBaloup$b Daniel$0622727 701 $aBronisch$b Alexander Pierre$01328260 701 $aCabrer$b Martín Alvira$01328261 701 $aCheynet$b Jean-Claude$0320640 701 $aCygler$b Florent$0441481 701 $aDemurger$b Alain$0502604 701 $aDeswarte$b Thomas$01290632 701 $aFlori$b Jean$0224040 701 $aGarcía Fitz$b Francisco$01328262 701 $aHenriet$b Patrick$01296629 701 $aJosserand$b Philippe$0910166 701 $aMeschini$b Marco$0241278 701 $aMontesano$b Marina$0166771 701 $aPicard$b Christophe$0156815 701 $aRíos Saloma$b Martín$01328263 701 $aSalvatori$b Enrica$0778214 701 $aSmith$b Damian J$0892635 701 $aToomaspoeg$b Kristjan$0605213 701 $aBaloup$b Daniel$0622727 701 $aJosserand$b Philippe$0910166 801 0$bFR-FrMaCLE 906 $aBOOK 912 $a9910416462303321 996 $aRegards croisés sur la guerre sainte$93038461 997 $aUNINA LEADER 01725nam 2200493zu 450 001 9910967285303321 005 20251117071257.0 010 $a0-7486-8762-9 035 $a(CKB)3710000000607446 035 $a(SSID)ssj0001600519 035 $a(PQKBManifestationID)16308483 035 $a(PQKBTitleCode)TC0001600519 035 $a(PQKBWorkID)14573239 035 $a(PQKB)10662968 035 $a(MiAaPQ)EBC6994691 035 $a(BIP)55373920 035 $a(BIP)1988980 035 $a(EXLCZ)993710000000607446 100 $a20160829d2007 uy 101 0 $aeng 181 $ctxt 182 $cc 183 $acr 200 10$aBell's introduction to the Qur'an 210 31$a[Place of publication not identified]$cEdinburgh University Press$d2007 225 0 $aIslamic surveys Bell's introduction to the Qur'an 300 $aBibliographic Level Mode of Issuance: Monograph 311 08$a0-7486-0597-5 330 $aThe New Edinburgh Islamic Surveys is a well-established and highly-regarded series of over 30 volumes introducing key areas within Islamic Studies. Each book is written by an expert in the field, offering an overview of its subject as well as presenting original thinking, making it suitable for students and academics alike. 606 $aIslam$2HILCC 606 $aReligion$2HILCC 606 $aPhilosophy & Religion$2HILCC 615 7$aIslam 615 7$aReligion 615 7$aPhilosophy & Religion 676 $a297.122 700 $aBell$b Richard$0653954 702 $aWatt$b W. Montgomery 702 $aWatt$b W. Montgomery 801 0$bPQKB 906 $aBOOK 912 $a9910967285303321 996 $aBell's introduction to the Qur'an$94474785 997 $aUNINA